আমেরিকার অর্থনীতি / (Record no. 59864)
[ view plain ]
| 000 -LEADER | |
|---|---|
| fixed length control field | 01004nam a2200241 a 4500 |
| 001 - CONTROL NUMBER | |
| control field | 59864 |
| 003 - CONTROL NUMBER IDENTIFIER | |
| rucl marc code | BD-RjUL |
| 005 - DATE AND TIME OF LATEST TRANSACTION | |
| control field | 20211209080757.0 |
| 008 - FIXED-LENGTH DATA ELEMENTS--GENERAL INFORMATION | |
| fixed length control field | 161227s1986 bg ||||| |||| 00| 0 ben d |
| 020 ## - INTERNATIONAL STANDARD BOOK NUMBER | |
| Terms of availability | : Tk. 12.00 |
| 035 ## - SYSTEM CONTROL NUMBER | |
| System control number | (BD-RjUL) 59988 |
| 040 ## - CATALOGING SOURCE | |
| Original cataloging agency | BD-RjUL |
| Language of cataloging | ben |
| Transcribing agency | BD-RjUL |
| 041 ## - LANGUAGE CODE | |
| Language code of text/sound track or separate title | ben |
| 082 ## - DEWEY DECIMAL CLASSIFICATION NUMBER | |
| Edition number | 23 |
| Classification number | 330.973 |
| Author mark and year | MAA 1986 |
| 100 1# - MAIN ENTRY--PERSONAL NAME | |
| Personal name | ম্যাকক্যান, রবার্ট |
| 9 (RLIN) | 170331 |
| 245 10 - TITLE STATEMENT | |
| Title | আমেরিকার অর্থনীতি / |
| Statement of responsibility, etc. | রবার্ট ম্যাকক্যান ; অনুবাদক, মমতাজ উদ্দিন আহমেদ |
| 260 ## - PUBLICATION, DISTRIBUTION, ETC. (IMPRINT) | |
| Place of publication, distribution, etc. | ঢাকা : |
| Name of publisher, distributor, etc. | আহমদ পাবলিশিং হাউস, |
| Date of publication, distribution, etc. | ১৯৮৬ |
| 300 ## - PHYSICAL DESCRIPTION | |
| Pagination | [৭], ১৬৬ পৃ. ; |
| Size | ১৯ সেমি. |
| 650 ## - SUBJECT ADDED ENTRY--TOPICAL TERM | |
| Topical term or geographic name as entry element | অর্থনীতি |
| Geographic subdivision | আমেরিকা |
| 9 (RLIN) | 173198 |
| Topical term or geographic name as entry element | Economics |
| Geographic subdivision | America |
| 9 (RLIN) | 178119 |
| 700 ## - ADDED ENTRY--PERSONAL NAME | |
| Personal name | আহমেদ, মমতাজ উদ্দিন, অনুবাদক |
| 942 ## - ADDED ENTRY ELEMENTS (KOHA) | |
| Source of classification or shelving scheme | Dewey Decimal Classification |
| Koha item type | Books |
| Lost status | Source of classification or shelving scheme | Damaged status | Not for loan | Collection code | Permanent Location | Current Location | Shelving location | Date acquired | Total Checkouts | Full call number | Date last seen | Copy number | Koha item type |
|---|---|---|---|---|---|---|---|---|---|---|---|---|---|
| Dewey Decimal Classification | Not For Loan | Non-fiction | Central Library, University of Rajshahi | Central Library, University of Rajshahi | Reading Room | 28/03/1988 | B 330.973 MAA 1986 | 27/12/2016 | C-1 | Books | |||
| Dewey Decimal Classification | Non-fiction | Central Library, University of Rajshahi | Central Library, University of Rajshahi | Reading Room | 28/03/1988 | B 330.973 MAA 1986 | 06/11/2018 | C-2 | Books |